000
00256nam a2200109 a 4500
008
101213s1965|||| d
245
1
0
_a
Pripomíname si
260
_b
Matica slovenská
_a
Bratislava
_c
1965
020
_c
4,50
041
_a
slo
044
_a
xo
_c
SK
999
_c
15152
_d
15152